| 000 | 00714nam a22002297a 4500 | ||
|---|---|---|---|
| 003 | DO-SdBNP | ||
| 005 | 20230302125432.0 | ||
| 008 | 171025b 2008 sp 00| 0 spa d | ||
| 020 | _a9788440717719 | ||
| 040 |
_aBPMSU _bspa _cBPMSU |
||
| 082 | 4 |
_a843.77 _bG277c 2008 _222 |
|
| 100 | 1 |
_aGautier, Théophile _dd1811-1872. |
|
| 245 | 1 | 3 |
_aEl capitán fracasa / _cThéophile Gautier |
| 260 |
_aMadrid : _bClub Internacional del Libro, _c2008 |
||
| 300 |
_a269 p. ; _c20 cm. |
||
| 490 | 0 | _a Grandes clásicos de la novela de aventuras | |
| 590 | _aInventariado, 2023/VM | ||
| 650 | 4 |
_aNovela francesa. _2 |
|
| 650 | 4 |
_aEspiritualidad _vNovela |
|
| 910 | _aBTAVAREZ/ VMateo V. Control de calidad (BPMSU) | ||
| 942 |
_2ddc _cBK |
||
| 999 |
_c12690 _d12690 |
||